UM Logo
Normal view MARC view
  • Electric batteries.

Entry Topical Term

Number of records used in: 1

001 - CONTROL NUMBER

  • control field: 57249

003 - CONTROL NUMBER IDENTIFIER

  • control field: OSt

005 - DATE AND TIME OF LATEST TRANSACTION

  • control field: 20240523132843.0

008 - FIXED-LENGTH DATA ELEMENTS

  • fixed length control field: 240523|| aca||aabn | a|a d

040 ## - CATALOGING SOURCE

  • Original cataloging agency: OSt
  • Transcribing agency: OSt

150 ## - HEADING--TOPICAL TERM

  • Topical term or geographic name entry element: Electric batteries.

670 ## - SOURCE DATA FOUND

  • Source citation: Work cat.: (OSt)18901: Chehade, Abdallah A. author. 51317, A multioutput convolved gaussian process for capacity forecasting of li-Ion battery cells /, January 2022.